000 00604nam a22001937a 4500
003 UA-OsUOA
001 46090
007 ta
008 20120118b un ||||| |||| 00| 0 ukr d
090 _a929
_bС25
942 _cBK
040 _aUA-OsUOA
_bukr
_cUA-OsUOA
_dUA-OsUOA
245 _aСвяткуємо життєвий шлях о д-ра Бориса Гудзяка
_bВітання від Приятелів УКУ з Епархії Св. о. Миколая
955 _a4
041 _aukr
080 _a929
650 7 _a9 Географія. Біографії. Історія
_2UDC
999 _c426194
_d426194